000 00522nam a2200205Ia 4500
005 20240809112316.0
008 131103s9999 xx 000 0 und d
040 _aLoreto College
041 _aEnglish
082 _a822
_bSHA
100 _aShakespeare, William
245 _aTwelth night
_b a comedy
_cWilliam Shakespeare
260 _aLondon
_bGeorge gill
_c[19?]
300 _a176p.
504 _aIncludes glossary
650 _aEnglish drama
651 _aEnglish literature
850 _aLCBED
942 _cBK
999 _c29684
_d80163